NFL- Dallas Cowboys Trivia - Statistics

General Stats
  • This quiz has been taken 757 times
  • The average score is 9 of 15
Answer Stats
Hint Answer % Correct
How many have they won? 5
96%
How many Super Bowls have they been to? 8
92%
Career leader in rushing yards Emmitt Smith
90%
Career leader in passing yards Tony Romo
88%
Which division are they in? NFC East
86%
Career leader in recieving yards Michael Irvin
82%
Where is AT&T stadium located? Arlington, TX
68%
Which team have the played in the Super Bowl the most? Pittsburgh Steelers
68%
Which teams are also in that division? Philadelphia Eagles, Washington Redskins, and the New York Giants
58%
How many jersey numbers have the Cowboys retired? 0
53%
Who is credited with the phrase "How 'bout dem Cowboys?" Jimmy Johnson
50%
In what year was the franchise originally started? 1952
43%
Who was nicknamed "Mr. Cowboy" Bob Lilly
24%
How long was Tom Landry the head coach? 29 years
18%
Who founded the team? Tex Schramm
17%
No matching quizzes found
Score Distribution
Percent of People with Each Score
Percentile by Number Answered
Your Score History
You have not taken this quiz